S.Chand's advanced objective general knowledge (Record no. 2140)

MARC details
000 -LEADER
fixed length control field 00603 a2200181 4500
020 ## - INTERNATIONAL STANDARD BOOK NUMBER
Terms of availability 250.00
035 ## - SYSTEM CONTROL NUMBER
System control number B-147736
037 ## - SOURCE OF ACQUISITION
Source of stock number/acquisition RP-BLIII-357 / PANSY-05-06:15 / RP-05-06:ENG
082 14 - DEWEY DECIMAL CLASSIFICATION NUMBER
Classification number 000
090 ## - LOCALLY ASSIGNED LC-TYPE CALL NUMBER (OCLC); LOCAL CALL NUMBER (OCLC)
-- 2180
-- 2180
100 1# - MAIN ENTRY--PERSONAL NAME
Personal name Aggarwal, R.S.
245 1# - TITLE STATEMENT
Title S.Chand's advanced objective general knowledge
Remainder of title 11000 plus questions
Statement of responsibility, etc by R.S.Aggarwal
260 ## - PUBLICATION, DISTRIBUTION, ETC. (IMPRINT)
Place of publication, distribution, etc New Delhi
Name of publisher, distributor, etc S. Chand
Date of publication, distribution, etc 2006r
300 ## - PHYSICAL DESCRIPTION
Extent Various pagings
Dimensions 25 cm (pbk)
500 ## - GENERAL NOTE
General note This is reprint 2006
942 ## - ADDED ENTRY ELEMENTS (KOHA)
Institution code [OBSOLETE] dpl
Koha item type English Books
Call number prefix 000 / AGG
Holdings
Withdrawn status Lost status Source of classification or shelving scheme Damaged status Not for loan Collection code Home library Current library Cost, normal purchase price Total Checkouts Full call number Barcode Date last seen Copy number Uniform Resource Identifier Cost, replacement price Price effective from Koha item type
    Dewey Decimal Classification     Non-fiction Karol Bagh Karol Bagh 250.00   000 AGG B-147736 15/09/2008 1 2271 250.00 15/09/2008 English Books

© Delhi Public Library
Hit Counter
free hit counter